Analýza dopytových a ponukových šokov v rámci krajín Vyšehradskej štvorky (V4) a eurozóny (EA)

Štrukturálny vektorovo autoregresný (SVAR) model, spôsoby jeho identifikácie prostredníctvom Blanchardovej-Quahovej dekompozície.

Guardado en:
Detalles Bibliográficos
Autor principal: König, Brian, 1983-
Formato: Capítulo de libro
Lenguaje:eslovaco
Materias:
Etiquetas: Agregar Etiqueta
Sin Etiquetas, Sea el primero en etiquetar este registro!

MARC

LEADER 00000naa a2200000 4500
001 0152902
005 20240502072725.3
041 0 |a slo 
044 |a SK 
245 1 0 |a Analýza dopytových a ponukových šokov v rámci krajín Vyšehradskej štvorky (V4) a eurozóny (EA)  |c Brian König 
520 |a Štrukturálny vektorovo autoregresný (SVAR) model, spôsoby jeho identifikácie prostredníctvom Blanchardovej-Quahovej dekompozície. 
610 2 0 |a eurozóna 
610 2 0 |a Vyšehradská štvorka 
610 2 0 |a metóda Value at Risk 
610 2 0 |a ponuka 
610 2 0 |a dopyt 
100 1 |a König, Brian, 1983-